000 00670nam a2200229Ia 4500
003 GCL
008 140319s9999 xx 000 0 ara d
040 _aGCL /
_cGCL
082 0 4 _a811.009
_bس ت
100 1 _aسعد عبيس
245 1 0 _aالتيار التراثى فى الشعر العربى الحديث /
_cسعد عبيس
260 _a[S.N] :
_bدار الفكر العربى ،
_c1983
300 _a232 ص
490 _a
650 0 4 _aالشعر العربى
650 0 4 _aالادب العربى
650 0 4 _aالعصر الحديث
650 0 4 _aتاريخ
650 0 4 _aتاريخ ونقد
650 0 4 _aالمجموعات
942 _2ddc
_cBK
999 _c32313
_d32313